| 000 | 00730nam a2200229 u 4500 | ||
|---|---|---|---|
| 005 | 20240314063649.0 | ||
| 008 | 141127s1993 r 000 0 eng d | ||
| 020 | _a9780374335045 | ||
| 035 | _aUPN01000200899 | ||
| 049 | _aI | ||
| 050 | 4 |
_aPZ10.3 _bS8.3 |
|
| 100 | 1 |
_aSteig, William, _d1907-2003 _933091 |
|
| 245 | 1 | 3 |
_aEl hueso prodigioso / _cWilliam Steig ; tr. Daniel M. Santacruz. |
| 260 |
_aNew York : _bFarrar, Straus and Giroux, _c1993. |
||
| 300 |
_a[30] p. : _bil. col. |
||
| 440 | 0 |
_aMirasol. _pLibros juveniles |
|
| 534 |
_pTÃtulo original: _tThe amazing bone |
||
| 650 | 0 |
_aAnimales _vCuentos y leyendas _9234 |
|
| 650 | 4 |
_aCuentos infantiles estadounidenses _910762 |
|
| 905 | _aInfantil | ||
| 999 |
_c173000 _d173000 |
||